000 00814nam a2200133Ia 4500
008 220620s9999||||xx |||||||||||||| ||und||
020 _a9783040000000
245 0 _aLaws and Emerging Technologies
546 _aEnglish[eng]
650 _adigitalization||large law firms||sociology of law||child sexual abuse material||child pornography||law enforcement||multidisciplinary work||legaltech||lawtech||justice||legal profession||legal design||law firms||legal education||Remote Sensing||personal data||privacy||drones||UAV||satellites||environmental monitoring||environmental law||building information modeling||integrated project delivery||public procurement||collaboration||infrastructure contracts||BIM
700 _aSalmerón-Manzano, Esther
856 _uhttps://mdpi.com/books/pdfview/book/4119
942 _cEB
999 _c21826
_d21826